000 01099nam a2200277Ia 4500
003 OSt
005 20220923211339.0
006 a|||||r|||| 00| 0
007 ta
008 220922b |||||||| |||| 00| 0 san d
020 _a9788183152839 (hbk)
_c800
024 _a353,115
037 _b263, 17/12/2019, Eastern Book Linkers
_cTextual
040 _aARTS
_cARTS
_bsan
041 _2san
_asan
082 _aO152,1:g, Q8
100 _aवार्ष्णेय, सारिका, ले.
_9160273
245 0 _aमहाकवि घनश्याम और उनका साहित्य
246 _ahinākavi ghanashyām aur unakā sāhitya
260 _aदिल्ली
_b न्यू भारतीय बुक कॉरपोरेशन
_c2018
300 _a285पृ0
_ccm.
650 _a हिन्दी साहित्य
_9156264
650 _aहिन्दी कविता
942 _hO152,1:g, Q8
_cTEXL
_2CC
999 _c298668
_d298668